Guess the Taylor Swift song no hints #29 - Statistics

General Stats
  • This quiz has been taken 71 times
  • The average score is 290 of 409
Answer Stats
Answer % Correct
a
100%
I
100%
you
100%
You
100%
me
98%
your
96%
And
94%
and
94%
be
94%
to
94%
do
92%
it
92%
It
92%
the
92%
go
91%
you're
91%
Don't
85%
don't
85%
my
85%
that
85%
who
85%
If
83%
if
83%
know
83%
like
81%
of
81%
at
79%
look
79%
what
79%
It's
77%
was
77%
This
75%
this
75%
been
74%
girl
74%
got
74%
have
74%
her
74%
just
74%
But
70%
for
70%
see
70%
so
70%
So
70%
with
70%
home
68%
she
68%
would
66%
ah-ah
64%
off
64%
say
64%
up
62%
you've
57%
knows
55%
down
53%
everybody
53%
now
53%
tell
53%
am
51%
make
51%
thing
51%
even
49%
once
47%
right
47%
wanna
45%
Want
45%
man
43%
about
42%
yeah
42%
hadn't
40%
kind
38%
what's
38%
alone
36%
take
36%
feel
34%
fine
34%
lose
32%
makes
30%
might
30%
proposition
30%
sad
30%
turn
30%
coming
28%
phone
28%
stupid
28%
granted
26%
learned
26%
cab
25%
let's
25%
pick
25%
responsibility
25%
Call
23%
getting
23%
lesson
23%
many
23%
number
23%
sure
23%
kinda
21%
lines
21%
previously
21%
closer
19%
consider
19%
crossing
19%
exception
19%
no-one's
19%
understand
19%
upstanding
19%
honey
17%
waits
17%
While
17%
code
15%
newest
15%
perfectly
15%
chase
13%
No matching quizzes found
Score Distribution
Percent of People with Each Score
Percentile by Number Answered
Your Score History
You have not taken this quiz